الدولة فى الفكر العربى الحديث : (Record no. 14227)
[ view plain ]
| 000 -الفاتح | |
|---|---|
| حقل البيانات ثابتة الطول | 00949cam a22001937a 4500 |
| 008 - عناصر البيانات ثابتة الطول - معلومات عامة | |
| حقل البيانات ثابتة الطول | 100627t1999 xxu||||g |||| 00| 0 ara d |
| 020 ## - الرقم الدولى المعيارى للكتب | |
| الرقم الدولى المعيارى للكتاب | 9775499488 |
| 082 ## - رقم تصنيف ديوى العشرى | |
| رقم الطبعة | 22 |
| رقم التصنيف | 324.029 |
| رقم المادة | ز ر و |
| 100 ## - المدخل الرئيسى - إسم شخصى | |
| 9 (RLIN) | 15250 |
| الإسم الشخصى | زروخي، إسماعيل |
| 245 ## - بيان العنوان | |
| العنوان | الدولة فى الفكر العربى الحديث : |
| بقية العنوان | دراسة فكرية فلسفية / |
| بيان المسئوليه,etc | إسماعيل الزروخى. |
| 260 ## - PUBLICATION, DISTRIBUTION, ETC. (IMPRINT) | |
| مكان الناشر او الموزع | القاهرة : |
| اسم الناشر او الموزع | دار الفجر للنشر و التوزيع ، |
| تاريخ النشر أو التوزيع | 1999. |
| 300 ## - الوصف المادى | |
| التعداد | 595 ص ؛ |
| أبعاد الوعاء | 24سم. |
| 504 ## - تبصرة ببليوجرافية | |
| تبصرة ببليوجرافية,الخ | يحتوى على إرجاعات ببليوجرافية |
| 650 ## - المدخل الاضافى بالموضوع-مصطلح موضوعى | |
| 9 (RLIN) | 15251 |
| مصطلح موضوعي أو اسم جغرافي كعنصر مدخل | السياسة الإجتماعية |
| 650 ## - المدخل الاضافى بالموضوع-مصطلح موضوعى | |
| 9 (RLIN) | 15252 |
| مصطلح موضوعي أو اسم جغرافي كعنصر مدخل | التشريعات الإجتماعية |
| 650 ## - المدخل الاضافى بالموضوع-مصطلح موضوعى | |
| 9 (RLIN) | 15253 |
| مصطلح موضوعي أو اسم جغرافي كعنصر مدخل | التاريخ الدستورى |
| 942 ## - عناصر المدخل الإضافي( كوها) | |
| مصدر التصنيف او مخطط الترفيف | Dewey Decimal Classification |
| Koha [default] item type | Book - Borrowing |
| حالة التراجع | حالة الفقد | مصدر التصنيف او خطة الترفيف | حالة تلف | ليس للاعارة | مجموعات كوها | المكان الدائم | المكان الحالي | موقع الترفيف | تاريخ الاكتساب | Source of acquisition | رقم الاستدعاء | الباركود | Date last seen | نوع الوعاء |
|---|---|---|---|---|---|---|---|---|---|---|---|---|---|---|
| Dewey Decimal Classification | Central Library | Central Library | First floor | 27/06/2010 | 324.029 ز ر و | 000021194 | 15/07/2025 | Book - Borrowing |